Statistiques concernant Univers Lego Ninjago: Lloyd

Cliquez ici pour prendre le quiz!

Statistiques générales

  • Ce quiz a été pris 675 fois
  • Le résultat moyen est 7 sur 12

Statistiques - réponses

QuestionsRéponses% Correct
SenseïGarmadon
97%
PèreGarmadon
97%
Nom de familleMontgomery Garmadon
97%
Couleur des habits et de ninjaVert
97%
SenseïWu
93%
MèreMisako
69%
Couleur de ninjaOr
59%
ArmeDao
38%
Lieu d'arrivéeJamanakaï
19%
Saison d'arrivéeLa menace des serpents
17%
Pouvoir de ninjaDragon
10%
Pouvoir de ninjaMaître suprême du Spinjitsu
0%

Distribution des résultats

Percentile par nombre de réponses

% des personnes avec chaque résultat

Votre développement - résultats

Vous n’avez pas pris ce quiz